How to prepare and present a business plan
| Main Author: | |
|---|---|
| Format: | Book |
| Published: |
New York :
Fireside ,
1992
|
| Subjects: |
MARC
| LEADER | 00000cam a2200000 7i4500 | ||
|---|---|---|---|
| 001 | 0000008318 | ||
| 005 | 20021121.0 | ||
| 020 | |a 0671765647 | ||
| 040 | |a INS | ||
| 090 | 0 | 0 | |a HG4027.7. |b M35 1992 |
| 100 | 1 | |a Mancuso, Joseph R. | |
| 245 | 1 | 0 | |a How to prepare and present a business plan |c Joseph R. Mancuso |
| 260 | |a New York : |b Fireside , |c 1992 | ||
| 300 | |a 316p. ; |c 24 cm. | ||
| 650 | 0 | 0 | |a Corporate planning |
| 650 | 0 | 0 | |a Small business |x Finance |
| 650 | 0 | 0 | |a Venture capital |
| 999 | |a 0000007948 |b BOOK |c Open Shelf |e Default branch | ||